| 000 | 00000nas 2200000za 4500 |
| 001 | 9.844189 |
| 003 | CaOODSP |
| 005 | 20221107152706 |
| 007 | cr ||||||||||| |
| 008 | 170920d19541979oncmr p oss f0###b0fre|d |
| 022 | |y0318-7969 |
| 040 | |aCaOODSP|bfre |
| 041 | |aeng|afre |
| 043 | |an-cn--- |
| 086 | 1 |aCS26-005-PDF |
| 245 | 00|aIron ore |h[ressource électronique] / |cprepared in the Mining, Metallurgical and Chemical Section, Industry and Merchandising Division. |
| 246 | 13|aMinerai de fer|fjanv. 1969-déc. 1978 |
| 260 | |aOttawa : |bDominion Bureau of Statistics, |c1954-1979. |
| 310 | |aMensuel |
| 362 | 0 |aVol. 1, no. 1 (janv. 1954)-v. 25, no. 12 (déc. 1978). |
| 490 | 0 |aMemorandum |
| 500 | |aÉdition numérisée de l’imprimé [par Statistique Canada]. |
| 500 | |aTitre de départ. |
| 515 | |aLa livr. de janv. 1959 comporte le numérotation v. 5, no. 1 mais forme v. 6, no. 1. |
| 546 | |aTexte en anglais seulement, janv. 1954-déc. 1968; texte en anglais et en français, janv. 1969-déc. 1978. |
| 550 | |aPublié févr. 1954-oct. 1958 par Mineral Statistics Section; nov. 1958-mars 1963 par Industry and Merchandising Division; avril 1963-déc. 1966 par Industry Division; janv. 1967-déc. 1971 par la Division des industries manufacturières et primaires; janv. 1972-déc. 1978 par Statistique Canada, Division des industries manufacturières et primaires. |
| 692 | 07|2gccst|aIndustrie métallurgique |
| 710 | 1 |aCanada. |bDominion Bureau of Statistics. |bMining, Metallurgical and Chemical Section. |
| 710 | 1 |aCanada. |bDominion Bureau of Statistics.|bMineral Statistics Section. |
| 710 | 1 |aCanada. |bBureau fédéral de la statistique. |bDivision de l'industrie. |
| 710 | 1 |aCanada. |bBureau fédéral de la statistique. |bDivision de l'industrie et du commerce. |
| 710 | 1 |aCanada. |bBureau fédéral de la statistique. |bDivision des industries manufacturières et primaires. |
| 710 | 1 |aCanada. |bStatistique Canada. |bDivision des industries manufacturières et primaires. |
| 791 | |tIron ore |eeng|w(CaOODSP)9.844187 |